Jugadores Grecia #1 - Estadísticas

Estadísticas generales
  • Esta prueba ha sido intentada 8 veces
  • La puntuación promedio es 6 de 20
Estadísticas de respuestas
Imagen Respuesta % Correcto
Tsimikas
86%
Mitroglou
71%
Pavlidis
71%
Douvikas
57%
Mavropanos
57%
Tzolis
57%
Kostis
43%
Vlachodimos
43%
Fortounis
29%
Mantalos
29%
Giannoulis
14%
Ioannidis
14%
Konstantelias
14%
Masouras
14%
Rota
14%
Zafeiris
14%
Bakasetas
0%
Koulierakis
0%
Retsos
0%
Tzolakis
0%
No se encontraron pruebas coincidentes
Distribución de puntuación
Porcentaje de gente con cada puntuación
Porcentaje por número respondido
Historial de tus puntuaciones
No has intentado esta prueba.